00917cam a2200265 a 450000100040000000500170000400800410002102000150006204000300007705000220010708200150012910000310014424500670017525000120024226000530025430000240030750000320033150500060036352001500036952100180051952100180053765000270055565000320058265000370061452320230516121104.0980113s1998 nyu c 000 1 eng  a0803722907 aDLCcDLCdDLCdFISKHbeng00aPZ7.P338bLl 199800a823.922211 aPeck, Richard,d1934-2018.12aA long way from Chicago :ba novel in stories /cRichard Peck. a1st ed. aNew York :bDial Books for Young Readers,c1998. a148 pages ;c22 cm. aSequel: A year down yonder. aM aA boy recounts his annual summer trips to rural Illinois with his sister during the Great Depression to visit their larger-than-life grandmother. a750 bLexile aM bRaz-Plus 1aGrandmothersxFiction. 1aDepressionsy1929xFiction. 1aCountry lifezIllinoisxFiction.